ՀՀ Գիտությունների ազգային ակադեմիայի հիմնարար գիտական գրադարան  =   Fundamental Scientific Library of NAS RA

Тезисы докладов совместного симпозиума ученых СССР и ГДР по проблеме "Профилактика кори и паротита", Донецк, 19-23 мая 1981 г.) / (Record no. 302903)

MARC details
000 -LEADER
fixed length control field 01530nam a2200241 a 4500
001 - CONTROL NUMBER
control field 000845082
003 - CONTROL NUMBER IDENTIFIER
control field AM-YeHGA
005 - DATE AND TIME OF LATEST TRANSACTION
control field 20250617144927.0
008 - FIXED-LENGTH DATA ELEMENTS--GENERAL INFORMATION
fixed length control field 111110s1981 ||||||||r|||||000|0|rus|d
040 ## - CATALOGING SOURCE
Original cataloging agency AM-YeHGA
090 ## - LOCALLY ASSIGNED LC-TYPE CALL NUMBER (OCLC); LOCAL CALL NUMBER (RLIN)
-- 304602
111 2# - MAIN ENTRY--MEETING NAME
Meeting name or jurisdiction name as entry element Совместный симпозиум ученых СССР и ГДР по проблеме "Профилактика кори и паротита"
Date of meeting or treaty signing (1981 ;
Location of meeting Донецк)
245 10 - TITLE STATEMENT
Title Тезисы докладов совместного симпозиума ученых СССР и ГДР по проблеме "Профилактика кори и паротита", Донецк, 19-23 мая 1981 г.) /
Statement of responsibility, etc. Под ред. В.Ф. Попова ; Всесоюзное научное общество микробиологов, эпидемиологов и паразитологов им. И.И. Мечникова.
260 ## - PUBLICATION, DISTRIBUTION, ETC.
Place of publication, distribution, etc. Москва :
Name of publisher, distributor, etc. [Б. и.],
Date of publication, distribution, etc. 1981.
300 ## - PHYSICAL DESCRIPTION
Extent 155 с. :
Other physical details табл. ;
Dimensions 22 см.
650 14 - SUBJECT ADDED ENTRY--TOPICAL TERM
Topical term or geographic name entry element Съезды, симпозиумы
650 14 - SUBJECT ADDED ENTRY--TOPICAL TERM
Topical term or geographic name entry element Корь
General subdivision Профилактика и контроль
650 14 - SUBJECT ADDED ENTRY--TOPICAL TERM
Topical term or geographic name entry element Паротит
General subdivision Профилактика и контроль
650 14 - SUBJECT ADDED ENTRY--TOPICAL TERM
Topical term or geographic name entry element Научные исследования
650 14 - SUBJECT ADDED ENTRY--TOPICAL TERM
Topical term or geographic name entry element Международное сотрудничество
700 1# - ADDED ENTRY--PERSONAL NAME
Personal name Попов, В.Ф.
Relator term ред.
Relationship edt
710 2# - ADDED ENTRY--CORPORATE NAME
Corporate name or jurisdiction name as entry element Всесоюзное научное общество микробиологов, эпидемиологов и паразитологов им. И.И. Мечникова
Holdings
Withdrawn status Lost status Damaged status Not for loan Collection Home library Current library Date acquired Total checkouts Full call number Barcode Date last seen Price effective from Koha item type Public note
        General Fundamental Scientific Library Fundamental Scientific Library 09/01/2017   PII/470616 FL0300998 09/01/2017 09/01/2017 Գրքեր / Books 30 Days Loan


ՀՀ ԳԱԱ հիմնարար գիտական գրադարան
ՀՀ,Երևան 0019
Մարշալ Բաղրամյան 24/6
հեռախոս:(374-10) 52-47-50
Հետադարձ կապ

All site content, except where otherwise noted, is licensed under a
Creative Commons License